[Event "Lichtenberger Sommer 2023"]
[Site "Berlin"]
[Date "2023.08.14"]
[Round "3.12"]
[White "Petersen, Soren Boeck"]
[Black "Hommel, Niclas"]
[Result "0-1"]
[WhiteElo "2179"]
[BlackElo "2043"]
[PlyCount "126"]
[EventDate "2023.??.??"]
[WhiteTeam "vereinslos"]
[BlackTeam "TSG Oberschöneweide e.V."]

1. e4 c5 2. c3 Nf6 3. e5 Nd5 4. Nf3 d6 5. d4 cxd4 6. cxd4 Nc6 7. Bc4 dxe5 8.
dxe5 Ndb4 9. Qb3 e6 10. O-O Na5 11. Bb5+ Bd7 12. Qa4 Bxb5 13. Qxb5+ Nac6 14.
Na3 a6 15. Qc4 Qd5 16. Bd2 Qxc4 17. Nxc4 Nd3 18. Bc3 b5 19. Nd6+ Bxd6 20. exd6
f6 21. Rfd1 Nf4 22. Kf1 Nd5 23. Bd4 Kd7 24. Bc5 Rhc8 25. a4 b4 26. a5 Nd8 27.
Bb6 Kxd6 28. Nd2 Nb7 29. Ra4 Ke7 30. Nb3 Rc4 31. Nd4 Rac8 32. Raa1 Nxb6 33.
axb6 Rd8 34. Nb3 Rxd1+ 35. Rxd1 Rc6 36. Rd4 a5 37. Nd2 Rxb6 38. Rg4 g5 39. h4
h6 40. hxg5 hxg5 41. Ke2 Nd6 42. f4 gxf4 43. Rxf4 Rb5 44. Rh4 e5 45. Rh7+ Ke6
46. Ra7 Kd5 47. b3 Rc5 48. Rd7 Ke6 49. Ra7 Nb5 50. Ra6+ Kf5 51. g4+ Kxg4 52.
Rxf6 Nd4+ 53. Kd3 Rc3+ 54. Ke4 Nxb3 55. Nxb3 Rxb3 56. Ra6 Ra3 57. Kxe5 b3 58.
Kd5 a4 59. Kc4 Ra2 60. Rb6 Kf3 61. Kd3 b2 62. Kc2 a3 63. Rb3+ Kg2 0-1

[Event "Lichtenberger Sommer 2023"]
[Site "Berlin"]
[Date "2023.08.14"]
[Round "3.13"]
[White "Hoffmann, Kay"]
[Black "Jahn, Thomas"]
[Result "0-1"]
[WhiteElo "2036"]
[BlackElo "2173"]
[PlyCount "62"]
[EventDate "2023.??.??"]
[WhiteTeam "Barnimer SF im SV Sta"]
[BlackTeam "SV Empor Berlin e.V."]

1. d4 Nf6 2. Bf4 d5 3. e3 e6 4. Nf3 c5 5. c3 Nc6 6. Nbd2 cxd4 7. cxd4 Nh5 8.
Be5 f6 9. g4 fxe5 10. dxe5 Nf6 11. exf6 Qxf6 12. Bb5 Bb4 13. O-O O-O 14. Qb3
Bd6 15. Bd3 Ne5 16. Be2 Nxg4 17. h3 Nh6 18. Kh1 Nf5 19. Rg1 b6 20. e4 Nd4 21.
Nxd4 Qxd4 22. Nf3 Qxe4 23. Rae1 Bb7 24. Rg4 Rf4 25. Bd1 Rxg4 26. Rxe4 Rxe4 27.
Bc2 Rf4 28. Qd3 g6 29. Ng5 Rxf2 30. Nxh7 d4+ 31. Kg1 Rg2+ 0-1

[Event "Lichtenberger Sommer 2023"]
[Site "Berlin"]
[Date "2023.08.14"]
[Round "3.14"]
[White "Brüdigam, Martin"]
[Black "Ellert, Stefan"]
[Result "1-0"]
[WhiteElo "2362"]
[BlackElo "1630"]
[PlyCount "101"]
[EventDate "2023.??.??"]
[WhiteTeam "SK König Tegel 1949 e.V."]
[BlackTeam "SV Empor Berlin e.V."]

1. e4 c6 2. d4 d5 3. Nd2 dxe4 4. Nxe4 Nf6 5. Nxf6+ exf6 6. c3 Bd6 7. Bd3 O-O 8.
Ne2 Qc7 9. Qc2 Re8 10. Bxh7+ Kh8 11. Bd3 Nd7 12. Bd2 c5 13. Qb3 Nb6 14. dxc5
Bxc5 15. O-O Be6 16. Qc2 Rad8 17. Bf4 Qc8 18. Rad1 Rxd3 19. Rxd3 Bf5 20. Nc1
Nd5 21. Bg3 Bxd3 22. Nxd3 Bb6 23. c4 Bd4 24. Qb3 Nc7 25. Qd1 Ne6 26. b3 Rd8 27.
Qe2 Kg8 28. h3 Re8 29. Qg4 Qd8 30. Rd1 Qa5 31. Qe2 Qb6 32. Kh2 Qc6 33. Nb4 Qc5
34. Nd5 Nc7 35. Qd2 Nxd5 36. cxd5 Be5 37. Bxe5 fxe5 38. d6 Rd8 39. d7 Kf8 40.
Kg1 f6 41. Qd3 Qc6 42. h4 Qe6 43. g3 Ke7 44. Qg6 Qf7 45. Qe4 b6 46. Qb4+ Ke6
47. Rd6+ Kf5 48. g4+ Kg6 49. Qe4+ Kh6 50. g5+ Kh5 51. Qh7+ 1-0

[Event "Lichtenberger Sommer 2023"]
[Site "Berlin"]
[Date "2023.08.14"]
[Round "3.15"]
[White "Hommer, Jeremy"]
[Black "Hauer, Andreas"]
[Result "1-0"]
[WhiteElo "2308"]
[BlackElo "1912"]
[PlyCount "59"]
[EventDate "2023.??.??"]
[WhiteTeam "Hamburger SK von 1830 eV"]
[BlackTeam "SC Turm Illingen"]

1. e4 c5 2. Nf3 e6 3. b3 d6 4. Bb2 Nf6 5. Nc3 Be7 6. g3 O-O 7. Bg2 Nc6 8. O-O
e5 9. d3 Bg4 10. h3 Bd7 11. Nd2 Qc8 12. Kh2 Nd4 13. a4 b6 14. Nc4 Rb8 15. f4
exf4 16. gxf4 Bc6 17. Ne3 Re8 18. Ne2 Nxe2 19. Qxe2 d5 20. e5 d4 21. Bxc6 Qxc6
22. exf6 Bxf6 23. Qg2 dxe3 24. Qxc6 Bxb2 25. Rae1 Re6 26. Qf3 Rbe8 27. Re2 Bc3
28. Rg1 Kf8 29. f5 R6e7 30. Rg4 1-0

[Event "Lichtenberger Sommer 2023"]
[Site "Berlin"]
[Date "2023.08.14"]
[Round "3.16"]
[White "Förster, Jonas"]
[Black "Knol, Daniel"]
[Result "1-0"]
[WhiteElo "2262"]
[BlackElo "1910"]
[PlyCount "81"]
[EventDate "2023.??.??"]
[WhiteTeam "SV Empor Berlin e.V."]
[BlackTeam "Schaakvereniging Almere"]

1. e4 c5 2. Nf3 e6 3. g3 Nc6 4. Bg2 Nf6 5. d3 d5 6. Qe2 Be7 7. O-O O-O 8. Bf4
d4 9. a4 Nh5 10. Bd2 Nf6 11. e5 Nd5 12. h4 h6 13. Na3 f5 14. exf6 Bxf6 15. Nc4
Re8 16. Qe4 Ndb4 17. Rac1 e5 18. Rfe1 Qc7 19. Bxh6 Be6 20. Bd2 Bd5 21. Qe2 e4
22. Ng5 e3 23. Bxb4 Nxb4 24. Bxd5+ Nxd5 25. Ne4 Rf8 26. Rf1 Rae8 27. Qh5 exf2+
28. Rxf2 Ne3 29. Nxf6+ gxf6 30. Qg6+ Kh8 31. Re1 Re7 32. Nxe3 dxe3 33. Rxe3 Rg7
34. Qh6+ Kg8 35. Qf4 Qb6 36. b3 Rd8 37. Qxf6 Rd6 38. Qf8+ Kh7 39. Qf5+ Kh6 40.
Kh2 c4 41. Re5 1-0

[Event "Lichtenberger Sommer 2023"]
[Site "Berlin"]
[Date "2023.08.14"]
[Round "3.17"]
[White "Matthes, Aaron"]
[Black "Verbitsky, Jaroslaw"]
[Result "0-1"]
[WhiteElo "2227"]
[BlackElo "1901"]
[PlyCount "120"]
[EventDate "2023.??.??"]
[WhiteTeam "SC Oranienburg e.V."]
[BlackTeam "SV Mattnetz Berlin e.V."]

1. d4 Nf6 2. Nf3 d5 3. g3 c6 4. Bg2 Bg4 5. O-O e6 6. Ne5 Bf5 7. c4 Nbd7 8. Nxd7
Qxd7 9. Nd2 Be7 10. Nf3 h6 11. Bf4 O-O 12. Ne5 Qd8 13. c5 Nd7 14. Nf3 a5 15.
Qb3 b6 16. cxb6 a4 17. Qc3 Qxb6 18. Ne5 Nxe5 19. Bxe5 a3 20. b3 Bb4 21. Qf3 f6
22. Bf4 Qxd4 23. Rac1 Rfc8 24. Qh5 Qb2 25. Bh3 Bxh3 26. Qxh3 Qxe2 27. Be3 f5
28. Rfd1 c5 29. Qh4 d4 30. Bxh6 gxh6 31. Qxh6 Qe5 32. Qg6+ Kf8 33. h4 Ra7 34.
Qh6+ Kg8 35. Rxd4 Qxd4 36. Qxe6+ Rf7 37. Qxc8+ Kg7 38. Qe8 f4 39. Rc4 Qd1+ 40.
Kg2 Qd5+ 41. Kg1 Qd6 42. Re4 Bc3 43. Kh2 Bd4 44. Kg1 Qg6 45. Kg2 fxg3 46. f3
Kh7 47. b4 Qf5 48. f4 Rg7 49. b5 Qg6 50. Qa8 Qf7 51. Qxa3 Qd5 52. Qf3 Qxa2+ 53.
Re2 Qf7 54. b6 Kg8 55. Kh3 Qf5+ 56. Kg2 Qf7 57. Kh3 Qf5+ 58. Kg2 Qf7 59. Kh1
Qb7 60. Re4 g2+ 0-1

[Event "Lichtenberger Sommer 2023"]
[Site "Berlin"]
[Date "2023.08.14"]
[Round "3.18"]
[White "Hess, Christian"]
[Black "Pröschild, Matthias"]
[Result "1-0"]
[WhiteElo "2210"]
[BlackElo "1883"]
[PlyCount "59"]
[EventDate "2023.??.??"]
[WhiteTeam "FC ST.Pauli 1910 eV SAbt"]
[BlackTeam "BSV 63 Chemie Weißensee"]

1. Nf3 Nf6 2. c4 g6 3. Nc3 d5 4. d4 Bg7 5. e3 O-O 6. cxd5 Nxd5 7. Bc4 Nxc3 8.
bxc3 c5 9. O-O Nc6 10. Qe2 Bg4 11. Rb1 Rc8 12. Rd1 Qc7 13. Bd3 Rfd8 14. h3 Bd7
15. Ba3 cxd4 16. cxd4 Qa5 17. Bc1 Be6 18. Rxb7 Qxa2 19. Rb2 Qa5 20. Rb5 Qa2 21.
Rb2 Qa5 22. Bd2 Qh5 23. Rb5 Rd5 24. Rdb1 Rcd8 25. Be4 Rxb5 26. Rxb5 Rd5 27.
Bxd5 Bxd5 28. e4 Nxd4 29. Nxd4 Qxe2 30. Nxe2 1-0

[Event "Lichtenberger Sommer 2023"]
[Site "Berlin"]
[Date "2023.08.14"]
[Round "3.19"]
[White "Kohler, Thomas"]
[Black "Grassi, Fabrizio"]
[Result "1/2-1/2"]
[WhiteElo "2172"]
[BlackElo "1878"]
[PlyCount "99"]
[EventDate "2023.??.??"]
[WhiteTeam "SC Zitadelle Spandau 1977 e.V."]
[BlackTeam "SV Berlin-Friedrichstadt"]

1. Nf3 d5 2. c4 c6 3. d4 Nf6 4. e3 g6 5. Nc3 Bg7 6. Bd3 O-O 7. O-O a5 8. Bd2
Na6 9. a3 Nc7 10. cxd5 Nfxd5 11. Na4 Ne6 12. Rc1 Nb6 13. Nxb6 Qxb6 14. b4 axb4
15. Bxb4 Qd8 16. Bc4 Nc7 17. Qb3 Be6 18. Bxe6 Nxe6 19. Rfd1 Qb6 20. Qc4 Bf6 21.
Nd2 Rfd8 22. Ne4 Rd5 23. Nc3 Rd7 24. d5 Bxc3 25. dxe6 Rxd1+ 26. Rxd1 Bxb4 27.
exf7+ Kf8 28. axb4 Rd8 29. Rd4 Rxd4 30. exd4 Qb5 31. Qxb5 cxb5 32. d5 Kxf7 33.
f4 e6 34. dxe6+ Kxe6 35. Kf2 Kf5 36. Kf3 h5 37. g3 Kf6 38. Ke4 Ke6 39. h3 Kf6
40. Kd4 Kf5 41. Kd5 h4 42. gxh4 Kxf4 43. Kc5 Kg3 44. Kxb5 Kxh4 45. Kb6 Kxh3 46.
Kxb7 g5 47. b5 g4 48. b6 g3 49. Kc7 g2 50. b7 1/2-1/2

[Event "Lichtenberger Sommer 2023"]
[Site "Berlin"]
[Date "2023.08.14"]
[Round "3.20"]
[White "Bauder, Herbert"]
[Black "Nötzel, Felix"]
[Result "0-1"]
[WhiteElo "1926"]
[BlackElo "2169"]
[PlyCount "78"]
[EventDate "2023.??.??"]
[WhiteTeam "SG Lasker Steglitz"]
[BlackTeam "SF Berlin 1903 e.V."]

1. d4 d5 2. Nf3 Nf6 3. c4 c6 4. Nc3 e6 5. Bg5 h6 6. Bh4 dxc4 7. e4 g5 8. Bg3 b5
9. Be2 Bb7 10. h4 g4 11. Ne5 Nbd7 12. Nxd7 Qxd7 13. Be5 Qe7 14. Bxg4 Rg8 15.
Bxf6 Qxf6 16. e5 Qf4 17. Bf3 O-O-O 18. g3 Qxd4 19. Qxd4 Rxd4 20. Rd1 Rxd1+ 21.
Kxd1 Bc5 22. Ne4 Bd4 23. Bh5 Bxb2 24. Bxf7 Rd8+ 25. Kc2 Bxe5 26. Bxe6+ Kc7 27.
f4 Bd4 28. Re1 c5 29. g4 a5 30. g5 hxg5 31. hxg5 Rh8 32. Nc3 Rh2+ 33. Re2 Be4+
34. Kc1 Rh1+ 35. Kd2 Bxc3+ 36. Kxc3 Bd3 37. Kd2 Bxe2 38. Kxe2 Kd6 39. f5 Rg1
0-1

[Event "Lichtenberger Sommer 2023"]
[Site "Berlin"]
[Date "2023.08.14"]
[Round "3.21"]
[White "Mayer, Herbert"]
[Black "Allgaier, Erik"]
[Result "1/2-1/2"]
[WhiteElo "1738"]
[BlackElo "1922"]
[PlyCount "37"]
[EventDate "2023.??.??"]
[WhiteTeam "SSV Rotation Berlin e.V."]
[BlackTeam "SC Hans Clauert Trebbin"]

1. f4 d5 2. b3 Nf6 3. e3 g6 4. Bb2 Bg7 5. Nf3 c5 6. Bb5+ Bd7 7. Bxd7+ Nbxd7 8.
O-O O-O 9. d3 b5 10. Ne5 Qb6 11. Nxd7 Nxd7 12. Bxg7 Kxg7 13. Qe1 e6 14. Nd2 a5
15. Kh1 f5 16. e4 dxe4 17. dxe4 Nf6 18. e5 Nh5 19. a4 1/2-1/2

[Event "Lichtenberger Sommer 2023"]
[Site "Berlin"]
[Date "2023.08.14"]
[Round "3.22"]
[White "Niehaus, Frank"]
[Black "Kapp, Frank"]
[Result "1/2-1/2"]
[WhiteElo "2145"]
[BlackElo "1861"]
[PlyCount "79"]
[EventDate "2023.??.??"]
[WhiteTeam "SK König Tegel 1949 e.V."]
[BlackTeam "TSV IFA Chemnitz"]

1. e4 e6 2. d4 d5 3. Nc3 Nf6 4. Bg5 Bb4 5. e5 h6 6. Bd2 Bxc3 7. bxc3 Ne4 8. Qg4
Kf8 9. Bd3 Nxd2 10. Kxd2 Qg5+ 11. Qxg5 hxg5 12. h3 b6 13. Nf3 f6 14. Rae1 Kf7
15. g4 Ba6 16. h4 Bxd3 17. cxd3 gxh4 18. exf6 gxf6 19. g5 Nd7 20. gxf6 Kxf6 21.
Rxh4 Rxh4 22. Nxh4 Rh8 23. Nf3 Rh3 24. Ke2 e5 25. Nxe5 Nxe5 26. dxe5+ Kxe5 27.
Rg1 Rh7 28. Rg5+ Ke6 29. Ke3 c5 30. Rg6+ Kf5 31. Rd6 Ke5 32. Rd8 Rh3+ 33. Kd2
Rh4 34. Re8+ Kd6 35. Re2 Ra4 36. Ke3 d4+ 37. cxd4 Rxd4 38. f4 Ke6 39. Rh2 Ra4
40. Rh6+ 1/2-1/2

[Event "Lichtenberger Sommer 2023"]
[Site "Berlin"]
[Date "2023.08.14"]
[Round "3.23"]
[White "Bolon, Karelle"]
[Black "Syre, Christian"]
[Result "1/2-1/2"]
[WhiteElo "1899"]
[BlackElo "2119"]
[PlyCount "42"]
[EventDate "2023.??.??"]
[WhiteTeam "SF Berlin 1903 e.V."]
[BlackTeam "SC Kreuzberg e.V."]

1. f4 Nf6 2. Nf3 g6 3. d3 d5 4. g3 Bg7 5. Bg2 O-O 6. O-O c5 7. c3 Nc6 8. Qe1 d4
9. Na3 Nd5 10. Bd2 e5 11. fxe5 Nxe5 12. Nxe5 Bxe5 13. Nc4 Bg7 14. e4 Ne7 15.
Qe2 Be6 16. e5 Nc6 17. Bxc6 bxc6 18. Nd6 Rb8 19. b3 Bh3 20. Rf2 h5 21. Qe4 Qe7
1/2-1/2

[Event "Lichtenberger Sommer 2023"]
[Site "Berlin"]
[Date "2023.08.14"]
[Round "3.24"]
[White "Schmidt, Fabian"]
[Black "Dathe, Frederick"]
[Result "0-1"]
[WhiteElo "1848"]
[BlackElo "2075"]
[PlyCount "108"]
[EventDate "2023.??.??"]
[WhiteTeam "SV Königsjäger Süd-West e.V."]
[BlackTeam "SC Kreuzberg e.V."]

1. e4 c5 2. Nf3 d6 3. Bb5+ Nd7 4. O-O Ngf6 5. e5 dxe5 6. Nxe5 a6 7. Nxd7 Bxd7
8. Bxd7+ Qxd7 9. d3 e6 10. Qf3 Qd5 11. Nd2 Qxf3 12. Nxf3 Be7 13. Bg5 h6 14. Bh4
Nd5 15. Bxe7 Kxe7 16. Rfe1 Rac8 17. Ne5 Rhd8 18. a4 b6 19. g3 g5 20. Kg2 Nb4
21. Re2 Kf6 22. Ng4+ Kg7 23. Ne5 Rd5 24. Nc4 Rb8 25. Ne5 Nxc2 26. Rxc2 Rxe5 27.
a5 b5 28. Rac1 c4 29. dxc4 bxc4 30. Ra1 Rb4 31. Ra3 g4 32. Rac3 Re4 33. f3
gxf3+ 34. Kxf3 Rd4 35. Ke3 e5 36. h3 f5 37. Rf2 Kf6 38. Rfc2 Kg5 39. Rf2 h5 40.
Rf4 exf4+ 41. Kxd4 fxg3 42. Rxg3+ Kf6 43. Rc3 Ra4 44. Rxc4 Rxa5 45. b4 Re5 46.
Rc6+ Re6 47. Rxe6+ Kxe6 48. h4 Kd6 49. Kd3 Ke5 50. Ke3 f4+ 51. Ke2 Ke4 52. Kf2
f3 53. Kf1 Kf4 54. Kf2 Kg4 0-1

[Event "Lichtenberger Sommer 2023"]
[Site "Berlin"]
[Date "2023.08.14"]
[Round "3.25"]
[White "Niechotz, Christopher"]
[Black "Krüger, Ekkehard"]
[Result "1-0"]
[WhiteElo "2074"]
[BlackElo "1842"]
[PlyCount "93"]
[EventDate "2023.??.??"]
[WhiteTeam "SC Kreuzberg e.V."]
[BlackTeam "SG NARVA Berlin e.V."]

1. c4 Nf6 2. Nc3 c5 3. g3 Nc6 4. Bg2 g6 5. e4 Bg7 6. Nge2 e5 7. d3 d6 8. h3 a6
9. O-O Nd4 10. f4 Qe7 11. g4 h6 12. Bd2 Bd7 13. Nxd4 cxd4 14. Ne2 Bc6 15. b4
Nd7 16. a4 b6 17. f5 O-O 18. Qe1 g5 19. Bf3 f6 20. Kg2 Rfc8 21. Ng3 Kf7 22. Bd1
Kf8 23. Bb3 a5 24. c5 dxc5 25. b5 Bb7 26. Bc4 Ke8 27. Rh1 Kd8 28. Nh5 Kc7 29.
Rh2 Rh8 30. Qg3 Kd6 31. Rah1 Raf8 32. h4 Ba8 33. Rh3 Rh7 34. R1h2 Rfh8 35. Kf3
Rf8 36. Ke2 Kc7 37. Qe1 Bb7 38. Qc1 Rhh8 39. Qh1 Rd8 40. Kf3 Nf8 41. Nxg7 Qxg7
42. hxg5 fxg5 43. Rxh6 Rxh6 44. Rxh6 Rd6 45. Rh5 Rd7 46. Rxg5 Qf6 47. Rh5 1-0

[Event "Lichtenberger Sommer 2023"]
[Site "Berlin"]
[Date "2023.08.14"]
[Round "3.26"]
[White "Wirth, Heinz"]
[Black "Skowronski, Peter"]
[Result "1/2-1/2"]
[WhiteElo "2060"]
[BlackElo "1728"]
[PlyCount "52"]
[EventDate "2023.??.??"]
[WhiteTeam "SC Weisse Dame e.V."]
[BlackTeam "vereinslos"]

1. e4 e6 2. d4 d5 3. Nd2 Nf6 4. e5 Nfd7 5. Bd3 c5 6. c3 Nc6 7. Ne2 Qb6 8. Nf3
f6 9. exf6 Nxf6 10. O-O Bd6 11. dxc5 Bxc5 12. b4 Bd6 13. b5 Ne5 14. Nxe5 Bxe5
15. Bf4 Bxf4 16. Nxf4 O-O 17. Nh5 Bd7 18. c4 Be8 19. Nxf6+ Rxf6 20. cxd5 exd5
21. a4 Rd8 22. Rc1 Bg6 23. Bxg6 Rxg6 24. Qd2 d4 25. Qd3 Rgd6 26. Rfd1 Rd5
1/2-1/2

[Event "Lichtenberger Sommer 2023"]
[Site "Berlin"]
[Date "2023.08.14"]
[Round "3.27"]
[White "Besombes, Romain"]
[Black "Federau, Jürgen"]
[Result "1/2-1/2"]
[WhiteElo "1867"]
[BlackElo "2054"]
[PlyCount "49"]
[EventDate "2023.??.??"]
[WhiteTeam "SF Berlin 1903 e.V."]
[BlackTeam "SC Kreuzberg e.V."]

1. d4 Nf6 2. Bf4 g6 3. Nc3 Bg7 4. e4 d6 5. Qd2 Nbd7 6. O-O-O h6 7. h4 a6 8. e5
Ng8 9. exd6 cxd6 10. Nf3 Nb6 11. Re1 Nf6 12. Bd3 Bg4 13. Nh2 Bc8 14. Nf1 Nbd5
15. Nxd5 Nxd5 16. Bh2 h5 17. Be4 Bh6 18. Ne3 Nf6 19. Bd3 Ng4 20. Bg1 Bd7 21. f3
Nf6 22. Kb1 Rc8 23. Qe2 b5 24. Bh2 Be6 25. Rhg1 1/2-1/2

[Event "Lichtenberger Sommer 2023"]
[Site "Berlin"]
[Date "2023.08.14"]
[Round "3.28"]
[White "Pueschel, Werner"]
[Black "Christen, Jan"]
[Result "1-0"]
[WhiteElo "2054"]
[BlackElo "1604"]
[PlyCount "51"]
[EventDate "2023.??.??"]
[WhiteTeam "vereinslos"]
[BlackTeam "Barnimer SF im SV Sta"]

1. a3 d5 2. c4 c6 3. e3 Nf6 4. Nf3 Bf5 5. Nc3 e6 6. b3 Nbd7 7. Bb2 Bd6 8. Be2
dxc4 9. bxc4 h6 10. d4 O-O 11. O-O Rc8 12. Bd3 Bxd3 13. Qxd3 e5 14. Rad1 Bb8
15. Qf5 Qc7 16. g3 Rfe8 17. Ne4 Nxe4 18. Qxe4 exd4 19. Qxd4 Nf6 20. Qh4 Re4 21.
Qh3 c5 22. Bxf6 gxf6 23. Qxh6 Rxc4 24. Rd5 f5 25. Rxf5 Qc6 26. Rg5+ 1-0

[Event "Lichtenberger Sommer 2023"]
[Site "Berlin"]
[Date "2023.08.14"]
[Round "3.29"]
[White "Möller, Jared William"]
[Black "Eis, Cedric"]
[Result "1-0"]
[WhiteElo "1979"]
[BlackElo "1557"]
[PlyCount "47"]
[EventDate "2023.??.??"]
[WhiteTeam "SV Glück auf Rüdersdorf e.V."]
[BlackTeam "SF Berlin 1903 e.V."]

1. d4 Nf6 2. c4 e5 3. dxe5 Ng4 4. e4 Nxe5 5. f4 Nec6 6. a3 a5 7. Be3 Na6 8. Qd5
b6 9. Nf3 Bc5 10. Bxc5 Nxc5 11. Nc3 O-O 12. Qh5 Bb7 13. O-O-O a4 14. Bd3 Na5
15. Bc2 Nab3+ 16. Kb1 h6 17. e5 Bxf3 18. gxf3 Kh8 19. Rhg1 Rg8 20. Rg6 Qf8 21.
Qf5 fxg6 22. Qxg6 Nd2+ 23. Rxd2 Qxf4 24. Qh7# 1-0

[Event "Lichtenberger Sommer 2023"]
[Site "Berlin"]
[Date "2023.08.14"]
[Round "3.30"]
[White "Ettel, Ralf"]
[Black "Witte, Ronald"]
[Result "0-1"]
[WhiteElo "1511"]
[BlackElo "1973"]
[PlyCount "54"]
[EventDate "2023.??.??"]
[WhiteTeam "SK König Tegel 1949 e.V."]
[BlackTeam "BSV 63 Chemie Weißensee"]

1. d4 d5 2. Nf3 Nf6 3. Nc3 Bf5 4. Bg5 e6 5. e3 Be7 6. Bd3 Bxd3 7. Qxd3 c6 8.
O-O Nbd7 9. Rfe1 h6 10. Bh4 O-O 11. e4 dxe4 12. Nxe4 Nxe4 13. Bxe7 Qxe7 14.
Qxe4 Nf6 15. Qh4 Rfd8 16. c4 Qb4 17. b3 a5 18. Re3 a4 19. a3 axb3 20. g4 b2 21.
Rb1 Rxa3 22. g5 hxg5 23. Qxg5 Rxe3 24. fxe3 Ra8 25. Qg2 Ra1 26. Qc2 Rxb1+ 27.
Qxb1 Qc3 0-1

[Event "Lichtenberger Sommer 2023"]
[Site "Berlin"]
[Date "2023.08.14"]
[Round "3.31"]
[White "Maart, Hagen"]
[Black "Rogozenco, Teodora"]
[Result "0-1"]
[WhiteElo "1334"]
[BlackElo "1952"]
[PlyCount "44"]
[EventDate "2023.??.??"]
[WhiteTeam "Kieler SG von 18"]
[BlackTeam "Hamburger SK von 1830 eV"]

1. e4 e5 2. Nf3 Nc6 3. Bc4 Bc5 4. O-O Nf6 5. c3 d6 6. d3 h6 7. h3 O-O 8. Re1 a6
9. a4 Re8 10. Nbd2 Ba7 11. b4 Be6 12. Ba2 Bxa2 13. Rxa2 d5 14. Qe2 d4 15. Bb2
Nh5 16. Nf1 Nf4 17. Qd2 dxc3 18. Qxc3 Qxd3 19. Ng3 Rad8 20. b5 Nd4 21. Nxd4
Bxd4 22. Qc1 Qxg3 0-1

[Event "Lichtenberger Sommer 2023"]
[Site "Berlin"]
[Date "2023.08.14"]
[Round "3.32"]
[White "Braeunlin, Herbert"]
[Black "Schülke, Rosalie"]
[Result "1/2-1/2"]
[WhiteElo "2040"]
[BlackElo "1387"]
[PlyCount "59"]
[EventDate "2023.??.??"]
[WhiteTeam "Bräunlin Kolb Schälicke Al"]
[BlackTeam "SV Königsjäger Süd-West e.V."]

1. e4 e6 2. d3 d5 3. Nd2 c5 4. Ngf3 Nc6 5. g3 Bd6 6. Bg2 Nge7 7. O-O O-O 8. Re1
Qc7 9. Qe2 f6 10. c3 Bd7 11. b3 d4 12. Bb2 e5 13. Nc4 Bg4 14. h3 Bh5 15. g4 Bf7
16. Nxd6 Qxd6 17. cxd4 cxd4 18. Nd2 b5 19. Nf1 Ng6 20. Bc1 Nf4 21. Bxf4 exf4
22. Nh2 Rac8 23. Nf3 Ne5 24. Rac1 Qb4 25. g5 Nxf3+ 26. Bxf3 fxg5 27. Bg4 Rc3
28. Rcd1 Qc5 29. Rd2 Qc6 30. Kh2 1/2-1/2

[Event "Lichtenberger Sommer 2023"]
[Site "Berlin"]
[Date "2023.08.14"]
[Round "3.33"]
[White "Nöldner, Julian"]
[Black "Hoyer, Olaf"]
[Result "1-0"]
[WhiteElo "2175"]
[BlackElo "1826"]
[PlyCount "61"]
[EventDate "2023.??.??"]
[WhiteTeam "SF Nordost Berlin"]
[BlackTeam "SC Braunschweig Gliesmarode v. 1"]

1. e4 d6 2. d4 Nf6 3. Nc3 e5 4. Nf3 Be7 5. dxe5 Ng4 6. exd6 Bxd6 7. Bc4 O-O 8.
Bg5 Qe8 9. O-O Nc6 10. Qd2 Nge5 11. Be2 Nxf3+ 12. Bxf3 Qe5 13. g3 Bh3 14. Rfe1
Nd4 15. Bg2 Bxg2 16. Kxg2 Ne6 17. Be3 Bb4 18. Qd3 Bxc3 19. bxc3 Rfd8 20. Qc4 b5
21. Qc6 Rab8 22. Rad1 Rd6 23. Rxd6 Qxd6 24. Qxd6 cxd6 25. Rb1 Nc5 26. e5 Na4
27. exd6 Nxc3 28. Rb3 Nxa2 29. Ra3 Nb4 30. Bc5 Nc6 31. Ra6 1-0

[Event "Lichtenberger Sommer 2023"]
[Site "Berlin"]
[Date "2023.08.14"]
[Round "3.34"]
[White "Oppermann, Peter"]
[Black "Böddeker, Henry"]
[Result "0-1"]
[WhiteElo "1796"]
[BlackElo "2063"]
[PlyCount "64"]
[EventDate "2023.??.??"]
[WhiteTeam "SK Bad Harzburg"]
[BlackTeam "SF Berlin 1903 e.V."]

1. c4 e6 2. g3 d5 3. Bg2 Nf6 4. d4 dxc4 5. Qa4+ Nbd7 6. Nc3 a6 7. Qxc4 b5 8.
Qd3 Rb8 9. a3 Bb7 10. Nf3 c5 11. O-O cxd4 12. Qxd4 Bc5 13. Qd3 O-O 14. Bf4 Rc8
15. Rad1 Qb6 16. Bd6 Rfd8 17. Bxc5 Nxc5 18. Qc2 Nce4 19. Rxd8+ Qxd8 20. Ng5 Rc4
21. Ngxe4 Bxe4 22. Rd1 Qf8 23. Bxe4 Nxe4 24. Rd3 f5 25. Qd1 Nxc3 26. bxc3 Qxa3
27. Rd8+ Kf7 28. Qd7+ Qe7 29. Qd2 Rc7 30. Qd4 a5 31. e4 fxe4 32. f3 Qc5 0-1

[Event "Lichtenberger Sommer 2023"]
[Site "Berlin"]
[Date "2023.08.14"]
[Round "3.35"]
[White "Jesse, Timo"]
[Black "Jeß, Arne"]
[Result "1-0"]
[WhiteElo "2034"]
[BlackElo "1824"]
[PlyCount "41"]
[EventDate "2023.??.??"]
[WhiteTeam "ESV 1949 Eberswalde e.V."]
[BlackTeam "TSG Rot-Weiß Fredersdorf/Vogelsd"]

1. e4 c5 2. Nc3 Nc6 3. g3 g6 4. Bg2 Bg7 5. d3 e6 6. Be3 b6 7. Qd2 Nge7 8. Bh6
Bxh6 9. Qxh6 Ng8 10. Qd2 Bb7 11. e5 Na5 12. Nf3 d6 13. Qf4 dxe5 14. Nxe5 Qf6
15. Qa4+ Ke7 16. Qd7+ Kf8 17. Qc7 Qe7 18. Nd7+ Ke8 19. Bxb7 Rd8 20. Ba6 Rxd7
21. Bb5 1-0

[Event "Lichtenberger Sommer 2023"]
[Site "Berlin"]
[Date "2023.08.14"]
[Round "3.36"]
[White "Sommer, Ingo"]
[Black "Sabrowski, Uwe"]
[Result "0-1"]
[WhiteElo "1787"]
[BlackElo "2016"]
[PlyCount "120"]
[EventDate "2023.??.??"]
[WhiteTeam "SC Kreuzberg e.V."]
[BlackTeam "SC Friesen Lichtenberg e.V."]

1. d4 f5 2. Bg5 g6 3. c4 c6 4. Nc3 Bg7 5. Nf3 Nf6 6. Bxf6 Bxf6 7. Qd2 d5 8. h4
h6 9. O-O-O e6 10. Qf4 Nd7 11. Kb1 Qe7 12. cxd5 exd5 13. e3 Nf8 14. Bd3 Bd7 15.
Qc7 Be6 16. Qg3 O-O-O 17. Rc1 Qd6 18. Ne5 Kb8 19. f4 Bxe5 20. fxe5 Qe7 21. Na4
Rg8 22. Qe1 Bc8 23. Qa5 Ne6 24. Rc2 f4 25. Qd2 fxe3 26. Qc3 Rdf8 27. g3 Rf3 28.
Rg1 Rf2 29. Be2 Rgf8 30. a3 Rh2 31. Qxe3 g5 32. h5 Rff2 33. Bd3 Rxc2 34. Bxc2
Qf7 35. Rd1 Qxh5 36. Qc3 Rh1 37. Kc1 Rxd1+ 38. Bxd1 Qh1 39. Qb4 Qf1 40. Nc5
Nxc5 41. Qxc5 Bg4 42. Qc2 h5 43. Kd2 Qxd1+ 44. Qxd1 Bxd1 45. Kxd1 Kc7 46. b4 b6
47. a4 a5 48. bxa5 bxa5 49. Ke2 Kd7 50. Kd3 Ke6 51. Ke3 c5 52. dxc5 Kxe5 53.
Kd3 h4 54. gxh4 gxh4 55. Ke3 d4+ 56. Kf3 Kd5 57. c6 Kxc6 58. Kg4 d3 59. Kxh4 d2
60. Kg3 d1=R 0-1

[Event "Lichtenberger Sommer 2023"]
[Site "Berlin"]
[Date "2023.08.14"]
[Round "3.37"]
[White "Keusch, Horst"]
[Black "Guder, Sibylle"]
[Result "0-1"]
[WhiteElo "2000"]
[BlackElo "1796"]
[PlyCount "80"]
[EventDate "2023.??.??"]
[WhiteTeam "SC Friesen Lichtenberg e.V."]
[BlackTeam "SF Berlin 1903 e.V."]

1. f4 g6 2. Nf3 Bg7 3. e4 c5 4. d3 d6 5. Nc3 e6 6. Be2 Nc6 7. O-O Nge7 8. Qe1
Nd4 9. Bd1 O-O 10. Nxd4 cxd4 11. Ne2 f5 12. Ng3 Bd7 13. Kh1 Rc8 14. Bd2 Qb6 15.
Bb4 a5 16. Ba3 Rf7 17. Rc1 Qc7 18. Bf3 b5 19. b3 b4 20. Bb2 Qc5 21. Ne2 e5 22.
Qg3 a4 23. Qf2 a3 24. Ba1 Rcf8 25. g3 Bh6 26. Qg2 Kh8 27. Qh3 Bg7 28. Rg1 fxe4
29. Bg4 Bxg4 30. Qxg4 exd3 31. cxd3 Qd5+ 32. Rg2 Nf5 33. fxe5 dxe5 34. Qe4 Qxe4
35. dxe4 Nd6 36. Ng1 Nxe4 37. Re2 Nf2+ 38. Kg2 Ng4 39. Nh3 Ne3+ 40. Kg1 Rf1+
0-1

[Event "Lichtenberger Sommer 2023"]
[Site "Berlin"]
[Date "2023.08.14"]
[Round "3.38"]
[White "Schumacher, Gerhard"]
[Black "Beyer, Lorenz"]
[Result "0-1"]
[WhiteElo "1776"]
[BlackElo "1994"]
[PlyCount "74"]
[EventDate "2023.??.??"]
[WhiteTeam "Gardez Robe"]
[BlackTeam "Barnimer SF im SV Sta"]

1. Nf3 c5 2. g3 d5 3. d3 Nf6 4. Nbd2 Nc6 5. Bg2 g6 6. e4 Bg7 7. O-O O-O 8. Re1
Re8 9. c3 e5 10. Qc2 b6 11. a4 Ba6 12. Bf1 Rc8 13. Nb1 h6 14. Na3 dxe4 15. dxe4
Bxf1 16. Rxf1 Qd7 17. Kg2 Qe6 18. Qe2 Na5 19. Bd2 Qc6 20. Rfe1 Nb3 21. Rad1
Qxa4 22. Qc4 Qxc4 23. Nxc4 Rcd8 24. Re2 b5 25. Na3 a6 26. Kf1 c4 27. Ne1 Rd7
28. f3 Red8 29. Nb1 h5 30. Ng2 Bh6 31. Ke1 Rd3 32. f4 Ng4 33. h3 exf4 34. Nxf4
Bxf4 35. gxf4 Rxh3 36. Rg2 Rh1+ 37. Ke2 Rxd1 0-1